<?xml version="1.0" encoding="UTF-8"?>
<record
    xmlns:xsi="http://www.w3.org/2001/XMLSchema-instance"
    xsi:schemaLocation="http://www.loc.gov/MARC21/slim http://www.loc.gov/standards/marcxml/schema/MARC21slim.xsd"
    xmlns="http://www.loc.gov/MARC21/slim">

  <leader>01180cam a22002771  4500</leader>
  <controlfield tag="001">unk84227957 </controlfield>
  <controlfield tag="003">DLC</controlfield>
  <controlfield tag="005">20260227112802.0</controlfield>
  <controlfield tag="008">850227m18371842gw       b    001 0 lat  </controlfield>
  <datafield tag="010" ind1=" " ind2=" ">
    <subfield code="a">unk84227957 </subfield>
  </datafield>
  <datafield tag="040" ind1=" " ind2=" ">
    <subfield code="a">DLC</subfield>
    <subfield code="c">CarP</subfield>
    <subfield code="d">DLC</subfield>
  </datafield>
  <datafield tag="050" ind1="0" ind2="0">
    <subfield code="a">KJA395</subfield>
    <subfield code="b">.C63 1837</subfield>
  </datafield>
  <datafield tag="130" ind1="0" ind2=" ">
    <subfield code="a">Codex Theodosianus</subfield>
  </datafield>
  <datafield tag="245" ind1="1" ind2="0">
    <subfield code="a">Codicis Gregoriani et Codicis Hermogeniani fragmenta :</subfield>
    <subfield code="b">ad LIV librorum manuscriptorum et priorum editionum fidem recognovit et annotatione critica instruxit Gustavus H&#xE8;anel. Codex Theodosianus : ad LIV librorum manuscriptorum et priorum editionum fidem recognovit et annotatione critica instruxit Gustavus H&#xE8;anel</subfield>
  </datafield>
  <datafield tag="246" ind1="1" ind2="3">
    <subfield code="a">Codicis Gregoriani fragmenta</subfield>
  </datafield>
  <datafield tag="246" ind1="1" ind2="3">
    <subfield code="a">Codicis Hermogeniani fragmenta.</subfield>
  </datafield>
  <datafield tag="246" ind1="1" ind2="5">
    <subfield code="a">Codex Theodosianus</subfield>
  </datafield>
  <datafield tag="260" ind1=" " ind2=" ">
    <subfield code="a">Bonnae,</subfield>
    <subfield code="b">apud Adolphum Marcum,</subfield>
    <subfield code="c">1837-1842.</subfield>
  </datafield>
  <datafield tag="300" ind1=" " ind2=" ">
    <subfield code="a">2 v. in 1.</subfield>
    <subfield code="c">28 cm.</subfield>
  </datafield>
  <datafield tag="504" ind1=" " ind2=" ">
    <subfield code="a">Includes bibliographical references and indexes.</subfield>
  </datafield>
  <datafield tag="505" ind1="0" ind2=" ">
    <subfield code="a">Codicis Gregoriani et Codicis hermogeniani fragmenta -- Codex Theodosianus.</subfield>
  </datafield>
  <datafield tag="650" ind1=" " ind2="0">
    <subfield code="a">Roman law</subfield>
    <subfield code="v">Sources.</subfield>
  </datafield>
  <datafield tag="730" ind1="0" ind2="2">
    <subfield code="a">Codex Gregorianus.</subfield>
  </datafield>
  <datafield tag="730" ind1="0" ind2="2">
    <subfield code="a">Codex Hermogenianus.</subfield>
  </datafield>
  <datafield tag="700" ind1="1" ind2=" ">
    <subfield code="a">Haenel, Gustav Friedrich,</subfield>
    <subfield code="d">1792-1878.</subfield>
  </datafield>
  <datafield tag="999" ind1=" " ind2=" ">
    <subfield code="c">91591</subfield>
    <subfield code="d">91591</subfield>
  </datafield>
</record>
